Органическая химия: [учебное пособие]

Dades bibliogràfiques
Autor principal: Иоффе И. С. Исаак Соломонович
Idioma:rus
Publicat: Москва, Госхимиздат, 1956
Edició:2-е изд., перераб. и доп.
Matèries:
Format: MixedMaterials Llibre
KOHA link:https://koha.lib.tpu.ru/cgi-bin/koha/opac-detail.pl?biblionumber=272076

MARC

LEADER 00000nam0a2200000 4500
001 272076
005 20231101234510.0
035 |a (RuTPU)RU\TPU\book\295281 
035 |a RU\TPU\book\164471 
090 |a 272076 
100 |a 20141015d1956 m y0rusy50 ca 
101 0 |a rus 
102 |a RU 
105 |a a j 001zy 
200 1 |a Органическая химия   |e [учебное пособие]  |f И. С. Иоффе 
205 |a 2-е изд., перераб. и доп. 
210 |a Москва  |c Госхимиздат  |d 1956 
215 |a 439 с.  |c ил. 
320 |a Алфавитный указатель: с. 418-439. 
606 1 |a Органическая химия  |2 stltpush  |3 (RuTPU)RU\TPU\subj\47309  |9 66362 
610 1 |a учебники 
610 1 |a углеводороды 
610 1 |a спирты 
610 1 |a соединения 
610 1 |a производные 
610 1 |a оксикислоты 
610 1 |a альдегидокислоты 
675 |a 547(075.8)  |v 3 
700 1 |a Иоффе  |b И. С.  |g Исаак Соломонович 
801 1 |a RU  |b 63413507  |c 20090126  |g PSBO 
801 2 |a RU  |b 63413507  |c 20160628  |g RCR 
942 |c BK